The Weeknd Discography - Statistiques

Statistiques générales
  • Ce quiz a été pris 171 fois
    153 depuis la dernière actualisation
  • Le résultat moyen est 78 sur 198
Statistiques - réponses
Album Title % Correct
Starboy Starboy
84%
Blinding Lights
77%
House Of Balloons / Glass Table Girls
77%
My Dear Melancholy Call Out My Name
75%
After Hours
73%
Hurry Up Tomorrow
73%
Cry For Me
70%
Sao Paulo
70%
Die For You
68%
Heartless
68%
I Feel It Coming
68%
Save Your Tears
68%
The Hills
68%
In Your Eyes
66%
Kiss Land
66%
Timeless
65%
I Was Never There
64%
The Abyss
64%
Can't Feel My Face
62%
Stargirl Interlude
62%
Wicked Games
62%
Dawn FM‎ Dawn FM
61%
Hurry Up Tomorrow Wake Me Up
61%
House of Balloons High For This
60%
Is There Someone Else?
60%
One Of The Girls
60%
Gasoline
58%
Less Than Zero
58%
Open Hearts
58%
Sacrifice
58%
The Party & The After Party
58%
Out of Time
57%
Party Monster
57%
Take Me Back
57%
Thursday
57%
After Hours Alone Again
56%
Escape From LA
56%
Montreal
56%
Often
56%
Reminder
56%
The Morning
56%
XO / The Host
56%
Baptized In Fear
55%
Earned It
55%
How Do I Make You Love Me?
55%
Hurt You
55%
Wanderlust
55%
Drive
53%
False Alarm
53%
I Can't Fucking Sing
53%
Niagara Falls
53%
Take My Breath
53%
Big Sleep
52%
Popular
52%
Reflections Laughing
52%
Until I Bleed Out
52%
Coming Down
51%
Echoes Of Silence D.D.
51%
In The Night
51%
Kiss Land Professional
51%
Sidewalks
51%
Take Me Back To LA
51%
Wasted Times
51%
Echoes Of Silence
49%
Red Terror
49%
Snowchild
49%
Too Late
49%
Acquainted
48%
Faith
48%
Opening Night
48%
Scared To Live
48%
Secrets
48%
Try Me
48%
Twenty Eight
48%
Valerie
48%
Best Friends
47%
The Town
47%
True Colors
47%
Given Up On Me
45%
Hardest To Love
45%
Odd Look
45%
Privilege
45%
Rockin'
45%
Shameless
45%
Tears In The Rain
45%
What You Need
45%
Without a Warning
45%
Here We Go... Again
44%
Moth to a Flame
44%
Starry Eyes
44%
The Birds Pt. 1
44%
The Birds Pt. 2
44%
Angel
43%
Enjoy The Show
43%
I Heard You're Married
43%
Loft Music
43%
Love To Lay
43%
The Knowing
43%
Live For
42%
Losers
42%
Love Me Harder
42%
Nothing Compares
42%
Six Feet Under
42%
Until We're Skin & Bones
42%
A Tale By Quincy
40%
Give Me Mercy
40%
Prisoner
40%
Beauty Behind The Madness Real Life
40%
Dark Times
39%
Thursday Lonely Star
39%
Pretty
39%
The Zone
39%
A Lonely Night
38%
Every Angel is Terrifying
38%
I Can't Wait To Get There
38%
Tell Your Friends
38%
Adaptation
36%
Creepin
36%
FInal Lullaby
36%
Next
36%
Ordinary Life
36%
Pray for Me
36%
As You Are
35%
Don't Break My Heart
35%
Love In The Sky
35%
Nothing Without You
35%
Rolling Stone
35%
All I Know
34%
Attention
34%
Belong To The World
34%
Gone
32%
Initiation
32%
K-pop
32%
Life Of The Party
32%
Lost in the Fire
32%
Missed You
32%
The Idol Double Fantasy
31%
Or Nah
31%
Phantom Regret by Jim
31%
Dancing In The Flames
30%
The Fall
30%
A Lesser Man
29%
Circus Maximus
29%
We Still Don't Trust You
29%
False Idols
27%
Fill The Void
27%
Heaven Or Las Vegas
27%
Rather Lie
27%
Repeat After Me (Interlude)
27%
Same Old Song
27%
Low Life
25%
Lust For Life
25%
Jealous Guy
23%
Outside
23%
La Fama
22%
You Right
22%
Crew Love
21%
Pray 4 Love
21%
Family
19%
Like A God
19%
Till Dawn (Here Comes The Sun)
18%
Hurricane
17%
The Lure
17%
Dolhouse
16%
Hawai
16%
Over Now
16%
Skeletons
16%
Better Believe
14%
Off the table
14%
Power Is Power
14%
Smile
14%
World Class Sinner / I'm A Freak
14%
Crocodile Tears
13%
Devil's Paradise
13%
One Right Now
13%
Christmas Blues
12%
Wake up
12%
Wanderlust (Pharrell Remix)
12%
Another One Of Me
10%
Young Metro
10%
6 inch
9%
Curve
9%
Elastic Heart
9%
Get It B4
8%
My Sweet Lord
8%
Single / Featuring Remember You
8%
Thought I Knew You
8%
Nocturnal
6%
Nomads
6%
Nothing Is Lost
6%
Wonderful
6%
Might Not
5%
Kings of The Fall
4%
Sexodus
4%
Shake It Out
4%
Die for It
3%
Pullin Up
3%
UnFazed
3%
Aucun quiz correspondant
Distribution des résultats
% des personnes avec chaque résultat
Percentile par nombre de réponses
Votre historique - résultats
Vous n’avez pas pris ce quiz depuis la dernière actualisation